000 00515nam a2200205Ia 4500
003 GCL
008 140319s9999 xx 000 0 eng d
040 _aGCL /
_cGCL
082 0 4 _a616.9792
_bG A
100 1 _aGREMES, DEANNA E
245 1 0 _aATDS HTV INFECTION /
_cGREMES, DEANNA E
700 1 _aGREMES, RICHARD M
260 _a[S.N] :
_bMOSBY ،
_c1994
300 _a284 P
650 0 4 _aHIV ANTIBODIES
650 0 4 _aTIIV(VIRUSES)
650 0 4 _aHIV (VIRUSES)
650 0 4 _aAIDS (DISEASE)
942 _2ddc
_cBK
999 _c17026
_d17026